000 00666nam a2200289Ia 4500
005 20260324123942.0
008 008 260324s9999 xx 000 0 eng d
020 _a9781315124988
037 _aEBOOK
040 _aCRL
040 _beng
040 _cCRL
041 _2eng
041 _aeng
084 _qCRL
100 _aFranklin Roosevelt
_91172285
245 0 _aMy Own Story
245 0 _bFrom Private and Public Papers
260 _bTaylor and Francis
260 _c2011
365 _a
365 _b230
856 _uhttp://www.taylorfrancis.com/books/9781315124988
942 _cEBOOK
999 _c1766240
_d1766240